| 000 | 00672cam a22001934a 4500 | ||
|---|---|---|---|
| 020 | _a0500281955 | ||
| 040 | _cDLC | ||
| 041 | 1 | _hrus | |
| 082 | 0 | 0 | _a792 THA 2000 A086 Or. |
| 100 | 1 | _aRudnit︠s︡kiĭ, K. | |
| 245 | 1 | 0 |
_aRussian and Soviet theatre : _btradition and the avant-garde / |
| 260 |
_aNew York : _bThames & Hudson, _c2000. |
||
| 300 |
_a320 p. : _b457 ill. (64 col.) ; _c29 cm. |
||
| 500 | _aOriginally published: Russian & Soviet theatre. London : Thames & Hudson, c1988; United States ed. published: Russian and Soviet theater, 1905-1932. New York : Abrams, c1988. | ||
| 650 | 0 | _aTheater | |
| 650 | 0 | _aTheater | |
| 700 | 1 | _aMilne, Lesley. | |
| 942 | _cEK | ||
| 999 |
_c11645 _d11645 |
||